<?xml version="1.0" encoding="UTF-8"?>
<record
    xmlns:xsi="http://www.w3.org/2001/XMLSchema-instance"
    xsi:schemaLocation="http://www.loc.gov/MARC21/slim http://www.loc.gov/standards/marcxml/schema/MARC21slim.xsd"
    xmlns="http://www.loc.gov/MARC21/slim">

  <leader>01717    a2200169   4500</leader>
  <controlfield tag="003">Nust</controlfield>
  <controlfield tag="005">20221024130631.0</controlfield>
  <datafield tag="040" ind1=" " ind2=" ">
    <subfield code="c">Nust</subfield>
  </datafield>
  <datafield tag="082" ind1=" " ind2=" ">
    <subfield code="a">621.3,CLA</subfield>
  </datafield>
  <datafield tag="100" ind1=" " ind2=" ">
    <subfield code="a">Clayton, Albert E.</subfield>
    <subfield code="9">101243</subfield>
  </datafield>
  <datafield tag="245" ind1=" " ind2=" ">
    <subfield code="a">Elementary electrical engineering / </subfield>
    <subfield code="c">Albert E. Clayton and Herbert J. Shelley</subfield>
  </datafield>
  <datafield tag="260" ind1=" " ind2=" ">
    <subfield code="a">New York</subfield>
    <subfield code="b">Longmans</subfield>
    <subfield code="c">1948</subfield>
  </datafield>
  <datafield tag="300" ind1=" " ind2=" ">
    <subfield code="a">462 p.</subfield>
  </datafield>
  <datafield tag="505" ind1=" " ind2=" ">
    <subfield code="a">The Electric Circuits Series and Parallel Grouping Specific Resistance Temperature Coefficient Power and Energy  units (Page-1), Magnetic Effect of Current Magnetic Circuit Magnetic Properties  of Materials (Page-22), Electromagnetic Indentation  Elementary Theory of the Dynamo (Page-41), Direct Armature Windings (Page-66), The Direct Current Generator Separate and Self Excitation Shunt Series  and Compound winding armature Reaction Load Characteristics (Page-87), Inductance EMF of Self Induction Circuits (Page-112), Directs Current Motors (Page-126), Alternating Current Frequency Virtual Value Phase Displacement (Page-154), Alternating Currents Inductance Reactance Impedance Circuits Possessing Resistance and Inductance (Page-182), Power In Alternating Current Circuits Mean Power Apparent Power  Factor (Page-201), Capacitance The General Series Circuits Voltage Resonce (Page-240), Choking The Single Phase Transformer (Page-254), Measuring Instruments Principles Ammeters Voltmeters (Page-271), Chemical Effects Electrolysis Primary Cells the Knead Storage Cell (Page-341), Illumination Metal Filament Lamp (Page-369), The Flow of Electricity in Gases and Machines Inductions Motors AC to DC Conversion Rotary Converter Value Rectifier Mercury Arc Rectifier  (Page-415). </subfield>
  </datafield>
  <datafield tag="650" ind1=" " ind2=" ">
    <subfield code="a">Electrical engineering</subfield>
  </datafield>
  <datafield tag="942" ind1=" " ind2=" ">
    <subfield code="2">ddc</subfield>
    <subfield code="c">BK</subfield>
  </datafield>
  <datafield tag="999" ind1=" " ind2=" ">
    <subfield code="c">180246</subfield>
    <subfield code="d">180246</subfield>
  </datafield>
  <datafield tag="952" ind1=" " ind2=" ">
    <subfield code="0">0</subfield>
    <subfield code="1">0</subfield>
    <subfield code="2">ddc</subfield>
    <subfield code="4">0</subfield>
    <subfield code="7">0</subfield>
    <subfield code="a">MCS</subfield>
    <subfield code="b">MCS</subfield>
    <subfield code="c">GEN</subfield>
    <subfield code="d">2016-12-12</subfield>
    <subfield code="o">621.3,CLA</subfield>
    <subfield code="p">MCS29731</subfield>
    <subfield code="r">2016-12-08</subfield>
    <subfield code="w">2016-12-12</subfield>
    <subfield code="y">BK</subfield>
    <subfield code="z">Almirah No.28, Shelf No.1</subfield>
  </datafield>
  <datafield tag="952" ind1=" " ind2=" ">
    <subfield code="0">0</subfield>
    <subfield code="1">0</subfield>
    <subfield code="2">ddc</subfield>
    <subfield code="4">0</subfield>
    <subfield code="7">0</subfield>
    <subfield code="a">MCS</subfield>
    <subfield code="b">MCS</subfield>
    <subfield code="c">GEN</subfield>
    <subfield code="d">2016-12-12</subfield>
    <subfield code="o">621.3,CLA</subfield>
    <subfield code="p">MCS5845</subfield>
    <subfield code="r">2016-12-08</subfield>
    <subfield code="w">2016-12-12</subfield>
    <subfield code="y">BK</subfield>
    <subfield code="z">Almirah No.28, Shelf No.1</subfield>
  </datafield>
</record>
